[Event "IECG QN.2001.0.00190"]
[Site "IECG email"]
[Date "2001.08.11"]
[Round "?"]
[White "Hendershot, Paul"]
[Black "Zuidema, Peter"]
[Result "1-0"]
[WhiteElo "741"]
[BlackElo "800"]
[PlyCount "43"]
[EventDate "2001.08.11"]
[EventType "tourn (corr)"]
[EventRounds "6"]
[SourceTitle "Corr 2008"]
[Source "ChessBase"]
[SourceDate "2008.06.24"]
[SourceVersion "1"]
[SourceVersionDate "2008.06.24"]
[SourceQuality "1"]

1. e4 c5 2. d3 d6 3. Be2 Nf6 4. Nf3 Qc7 5. Be3 c4 6. dxc4 Nxe4 7. Bd3 Bf5 8. Nh4 e6 9. 0-0 Be7 10. Nxf5 exf5 11. Qf3 d5 12. Qxf5 Nf6 13. cxd5 0-0 14. Nc3 Re8 15. Nb5 Qd8 16. Nxa7 g6 17. Qf3 Nxd5 18. Be4 Nxe3 19. Qxe3 Qc7 20. Nb5 Qc8 21. Na7 Qg4 22. Bxb7 1-0

[Event "IECC P email"]
[Site "IECC email"]
[Date "2001.02.28"]
[Round "?"]
[White "Robertson, John"]
[Black "Zuidema, Peter"]
[Result "1-0"]
[WhiteElo "1068"]
[BlackElo "1027"]
[PlyCount "29"]
[EventDate "2001.??.??"]
[EventType "tourn (corr)"]
[EventRounds "6"]
[SourceTitle "Corr 2008"]
[Source "ChessBase"]
[SourceDate "2008.06.24"]
[SourceVersion "1"]
[SourceVersionDate "2008.06.24"]
[SourceQuality "1"]

1. e4 c5 2. Nf3 d6 3. d4 cxd4 4. Nxd4 Nf6 5. Nc3 a6 6. Bd2 e6 7. Bd3 Be7 8. 0-0 0-0 9. Qf3 b5 10. e5 Nd5 11. Nxd5 exd5 12. Qxd5 Ra7 13. e6 Bb7 14. Qh5 Qb6 15. Qxh7# 1-0